000
00338nam a2200133Ia 4500
008
151001s9999||||xx |||||||||||||| ||und||
100
_a
अभय परांजपे
245
_a
चित्रगाथा
250
_a
1
260
_b
मी प्रकाशन
260
_c
2004
300
_a
159
365
_b
21
999
_c
984539
_d
984536